banner koha

El niño, la niña, oscilação do sul e seus impactos sobre as culturas de trigo e de cevada no Brasil (Registro n. 292310)

MARC details
000 -LÍDER
campo de controle de tamanho fixo 01072nac a22003497a 4500
001 - NÚMERO DE CONTROLE
campo de controle BR0204117
003 - IDENTIFICADOR DO NÚMERO DE CONTROLE
campo de controle BR-BrBNA
005 - DATA E HORÁRIO DA ÚLTIMA TRANSAÇÃO
campo de controle 20240105122701.0
008 - CAMPO DE DADOS FIXOS--INFORMAÇÃO GERAL
campo de controle de tamanho fixo 230509b bl.|||m| |||| 00| 0 por d
040 ## - FONTE DA CATALOGAÇÃO
Instituição da catalogação original BR-BrBNA
Idioma da catalogação por
Instituição que transcreveu o registro Biblioteca Nacional de Agricultura
041 ## - CÓDIGO DE IDIOMA
Código do idioma do texto/trilha sonora ou título diferente (Pt)
072 ## - CÓDIGO DE CATEGORIA DE ASSUNTO
Código de Categoria de Assunto P40
090 ## - NÚMERO DE CHAMADA LOCAL
Número de chamada 0180 BR0204117
100 1# - ENTRADA PRINCIPAL--NOME PESSOAL
Nome pessoal Cunha, G.R. da
100 1# - ENTRADA PRINCIPAL--NOME PESSOAL
Nome pessoal Dalmago, G.A.
100 1# - ENTRADA PRINCIPAL--NOME PESSOAL
Nome pessoal Estefanel, V.
100 1# - ENTRADA PRINCIPAL--NOME PESSOAL
Nome pessoal Pasinato, A.
100 1# - ENTRADA PRINCIPAL--NOME PESSOAL
Nome pessoal Moreira, M.B.
110 1# - ENTRADA PRINCIPAL--NOME CORPORATIVO
Nome corporativo ou nome da jurisdição EMBRAPA Trigo, Passo Fundo, RS (Brasil)
9 (RLIN) 3754
245 1# - TÍTULO
Título El niño, la niña, oscilação do sul e seus impactos sobre as culturas de trigo e de cevada no Brasil
260 3# - PUBLICAÇÃO, DISTRIBUIÇÃO, ETC.
Local de publicação, distribuição, etc. Passo Fundo, RS (Brasil):
Data da publicação, distribuição, etc. 2000.
300 ## - DESCRIÇÃO FÍSICA
Extensão 44 p.
490 ## - TÍTULO DA SÉRIE
Título da série Boletim de Pesquisa - EMBRAPA Trigo (Brazil)
Número do volume ou designação sequencial da série no. 9
ISSN - International Standard Serial Number ISSN 1516-3830
500 ## - NOTA GERAL
Nota geral 22 ref.; 11 illus.; Summaries (En, Pt)
650 ## - ASSUNTO--TERMO TÓPICO
Cabeçalho tópico ou nome geográfico TRIGO
650 ## - ASSUNTO--TERMO TÓPICO
Cabeçalho tópico ou nome geográfico CEVADA
650 ## - ASSUNTO--TERMO TÓPICO
Cabeçalho tópico ou nome geográfico CLIMA
650 ## - ASSUNTO--TERMO TÓPICO
Cabeçalho tópico ou nome geográfico RENDIMENTO
650 ## - ASSUNTO--TERMO TÓPICO
Cabeçalho tópico ou nome geográfico VARIAÇÃO SAZONAL
909 ## -
-- 202312
-- Lúcia Elande
-- 55
-- Lúcia Elande
942 ## - ELEMENTOS DE ENTRADA ADICIONADOS (KOHA)
Fonte da classificação ou esquema de arquivamento na estante Classificação AGRIS
Ocultar no OPAC Não
Tipo de material Koha Monografia Seriada
Exemplares
Situação do descarte Fonte da classificação ou esquema de arquivamento na estante Situação física Não pode ser emprestado Coleção Biblioteca de origem Biblioteca atual Localização na estante Total de empréstimos Número de telefone completo Código de barras Data de último acesso Tipo de material Koha Fonte de aquisição
  Classificação AGRIS       Biblioteca Nacional de Agricultura - Binagri Biblioteca Nacional de Agricultura - Binagri Agrobase - Acervo Geral   0180 BR0204117 0180 BR0204117 18/12/2023 Monografia Seriada Portaria Interministerial nº 164/94

BINAGRI

Telefone: (61)3218-2567/2388/3357/2097 - binagri@agro.gov.br

Ministério da Agricultura e Pecuária , Esplanada dos Ministérios, Bloco D, Anexo B, Brasília/DF, CEP: 70.043-900